Statistieken voor Landen die starten met een I

Klik hier om de quiz te nemen!

Algemene statistieken

  • Deze quiz is 44 keer genomen
  • De gemiddelde score is 7 van 9

Antwoordstatistieken

Land% Correct
Ierland
86%
India
86%
Irak
81%
IJsland
78%
Iran
78%
Indonesië
75%
Israël
69%
Italië
64%
Ivoorkust
61%

Scoreverdeling

Percentiel versus Aantal Correcte Antwoorden

Procent van Mensen met Elke Score

Uw Scoregeschiedenis

U heeft deze quiz nog niet genomen